Statistiques concernant Anime de sport

Cliquez ici pour prendre le quiz!

Statistiques générales

  • Ce quiz a été pris 48 fois
  • Le résultat moyen est 5 sur 30

Statistiques - réponses

HintRéponse% Correct
footballblue lock
84%
volleyhaikyuu
71%
boxehajime no ippo
53%
patin à glaceyuri on ice
42%
football américaineyeshield 21
37%
basketslam dunk
34%
natationfree!
32%
footcaptain tsubasa
29%
skateboardsk8
18%
rugbyall out
16%
tennisprince of tennis
16%
tennise de tableping pong
13%
cyclismeen selle
8%
plonger sous-marinegrand blue
8%
rallyeinitial d
8%
volley2.43
5%
f4overtake
5%
course à piedrun with the wind
5%
gymnastique rythmiquebackflip
3%
golfbirdie wing
3%
escaladeiwakakeru
3%
badmintonlove all play
3%
baseballace no diamond
0%
dancebienvenue au bal
0%
roller derbygunnm (alita)
0%
beach volleyharukana receive
0%
basketkoruko no basket
0%
baseballtamayomi
0%
gymnastiquethe gymnastics samourai
0%
surfwave
0%

Distribution des résultats

Percentile par nombre de réponses

% des personnes avec chaque résultat

Votre développement - résultats

Vous n’avez pas pris ce quiz